| 000 | 00836nas a2200265 i 4500 | ||
|---|---|---|---|
| 001 | 1799 | ||
| 003 | ES-MaACL | ||
| 005 | 20250724062551.0 | ||
| 007 | t| | ||
| 008 | 950801d1985 sp | | 1 ||pa d | ||
| 080 | _a460 | ||
| 245 | 0 | 0 |
_aRevista del conocimiento / _cCruz Roja Española, Centro de Estudios y Difusión de los Derechos del Hombre. |
| 260 |
_aMadrid : _bCruz Roja Española, _c1985. |
||
| 300 |
_a2 v. ; _c21 cm. |
||
| 310 | _aSemestral | ||
| 362 | 0 | _aN. 1 (ene. 1985)-n. 2 (1985) | |
| 650 | 7 |
_aCultura _2embne _9170963 |
|
| 655 | 7 |
_2tgfbne _9226866 _aRevistas |
|
| 710 | 2 |
_aCruz Roja Española. _bCentro de Estudios y Difusión de los Derechos del Hombre. _93326 |
|
| 852 |
_aES-MaACL _jL-13222-23 _cDEPO2 |
||
| 866 | 0 | _o1985 | |
| 942 |
_2udc _cPERIODICA |
||
| 999 |
_c1799 _d1799 |
||